LEADER 05115nam 2200901Ia 450 001 9910779319503321 005 20230802005728.0 010 $a1-283-85704-9 010 $a3-11-028314-X 024 7 $a10.1515/9783110283143 035 $a(CKB)2550000000711087 035 $a(EBL)893983 035 $a(OCoLC)822025089 035 $a(SSID)ssj0000785062 035 $a(PQKBManifestationID)12317021 035 $a(PQKBTitleCode)TC0000785062 035 $a(PQKBWorkID)10784373 035 $a(PQKB)11327191 035 $a(SSID)ssj0000811560 035 $a(PQKBManifestationID)12417877 035 $a(PQKBTitleCode)TC0000811560 035 $a(PQKBWorkID)10847806 035 $a(PQKB)21501202 035 $a(MiAaPQ)EBC893983 035 $a(DE-B1597)175990 035 $a(OCoLC)1013963265 035 $a(OCoLC)1036841361 035 $a(OCoLC)853267921 035 $a(DE-B1597)9783110283143 035 $a(Au-PeEL)EBL893983 035 $a(CaPaEBR)ebr10634529 035 $a(CaONFJC)MIL416954 035 $a(OCoLC)822018790 035 $a(EXLCZ)992550000000711087 100 $a20121017d2012 uy 0 101 0 $aeng 135 $aur|n|---||||| 181 $ctxt 182 $cc 183 $acr 200 00$aPanic and mourning$b[electronic resource] $ethe cultural work of trauma /$fedited by Daniela Agostinho, Elisa Antz, Catia Ferreira 210 $aBerlin ;$aBoston $cDe Gruyter$d2012 215 $a1 online resource (296 p.) 225 0 $aCulture & conflict ;$v1 300 $aDescription based upon print version of record. 311 $a3-11-028309-3 311 $a3-11-028315-8 320 $aIncludes bibliographical references. 327 $t Frontmatter -- $tAcknowledgements -- $tContents -- $tIntroduction -- $tI. Literary negotiations -- $tA Culture of Fear: Panic, Mourning, Testimony, and the Question of Representation / $rRibeiro, António Sousa -- $tMourning, Melancholia and Morality: W. G. Sebald's German-Jewish Narratives / $rBanki, Luisa -- $tNostalgias and Mourning: The Nation in the Serbian Journal The Spring (1992-1996) / $rMiljkovi?, Milan -- $tNegotiating Loss and Betrayal: Melancholic Ethics and Narrative Agency in Fae Myenne Ng's Bone and Steer Toward Rock / $rPehkoranta, Anna -- $tMelancholic Violence and the Spectre of Failed Ideals in Gillo Pontecorvo's The Battle of Algiers and Yasmina Khadra's Wolf Dreams / $rBrisley, Lucy -- $tII. Visual resonances -- $tOdysseus, Rowing / $rWeissberg, Liliane -- $t(Un-)Framing Triumph and Trauma: Visibility, Gender and Liberation through the Soviet Gaze / $rAgostinho, Daniela -- $tThe Banality of Trauma: Globalisation, Migrant Labor, and Nostalgia in Fruit Chan's Durian Durian / $rWang, Ban -- $tEvocations of the Unspeakable: Trauma, Silence and Mourning in Contemporary Chinese Art / $rGanito, Tânia -- $t"Animism, Magic and the Omnipotence of Thought": Ritualistic Artefacts and Mourning Mediation in Imperial China / $rColla, Elisabetta -- $tIII. (Re-)mediated affects and performances -- $tAffective Spaces / $rTygstrup, Frederik -- $tCatastrophes in Sight and Sound / $rTorres, Eduardo Cintra -- $tFrom Panic to Mourning: 9/11 and the Need for Spectacle / $rGonçalves, Diana -- $tStage, Performance, Media Event: the National Commemoration of the Second World War in the Netherlands / $rDuindam, David -- $tNo Fun: Mourning the Loss of Tragedy in Contemporary Performance Art / $rSurmann, Frauke -- $tNotes on the Editors -- $tNotes on Contributors 330 $a'Panic' and 'mourning' are two pivotal constructs that often emerge and interplay under circumstances of conflict, violence, crisis, and catastrophe, both natural and man-made. Whereas panic tends to crop up during the experience of violent events, mourning, on the other hand, relates to the aftermath of a brutal disruption and to the way humans try to make sense of it retrospectively. Conversely, violent events can leave a thread of panic in their aftermath, while mourning can be unsettled, interrupted or even refuelled by another catastrophic incident. From an international and inter-discipl 410 0$aCulture & Conflict 606 $aLiterature$xHistory and criticism$xTheory, etc 606 $aPsychic trauma in literature 606 $aCrisis in literature 606 $aMourning customs in literature 606 $aLoss (Psychology) in literature 610 $aCulture. 610 $aMourning. 610 $aPanic. 610 $aTrauma. 615 0$aLiterature$xHistory and criticism$xTheory, etc. 615 0$aPsychic trauma in literature. 615 0$aCrisis in literature. 615 0$aMourning customs in literature. 615 0$aLoss (Psychology) in literature. 676 $a302.17 676 $a616.85/21 686 $aLB 60000$2rvk 701 $aAgostinho$b Daniela$01543952 701 $aAntz$b Elisa$01543953 701 $aFerreira$b Ca?tia$01543954 801 0$bMiAaPQ 801 1$bMiAaPQ 801 2$bMiAaPQ 906 $aBOOK 912 $a9910779319503321 996 $aPanic and mourning$93797774 997 $aUNINA